000 00709cam a2200265 4500
008 090401t1976 xxu||||| |||| 00| 0 eng d
020 _a0851250998
035 _a(Sirsi) u3496
041 _aeng
050 _a690
110 _aBuilding Research Establishment
245 _aProject network analysis
260 _aGarston, Watford
_bBuilding Research Establishment
_c1976
300 _a8p. ; 30cm.
350 _a0
490 _aBRE Digest
_v53
520 _a1985 reprint
650 _aCRITICAL PATH ANALYSIS
650 _aCRITICAL PATH METHOD
650 _aPROJECT APPRAISAL
650 _aPROJECT NETWORK ANALYSIS
690 _aProject management
_96261
942 _n0
948 _c04/03/1997
999 _c85892
_d85892